Statistics for Countries of Europe Quiz

Click here to take the quiz!

General Stats

  • This quiz has been taken 7 times
  • The average score is 30 of 45

Answer Stats

Answer% Correct
Andorra
86%
Austria
86%
Belarus
86%
Belgium
86%
Bulgaria
86%
Czechia
86%
Ireland
86%
Albania
71%
Bosnia and Herzegovina
71%
Croatia
71%
Estonia
71%
Finland
71%
Hungary
71%
Iceland
71%
Italy
71%
Latvia
71%
Liechtenstein
71%
Lithuania
71%
Luxembourg
71%
Montenegro
71%
Netherlands
71%
North Macedonia
71%
Norway
71%
Portugal
71%
Russia
71%
San Marino
71%
Switzerland
71%
Denmark
57%
Germany
57%
Greece
57%
Kosovo
57%
Malta
57%
Moldova
57%
Monaco
57%
Poland
57%
Romania
57%
Serbia
57%
Slovakia
57%
Slovenia
57%
Spain
57%
Sweden
57%
Ukraine
57%
Vatican City
57%
Turkey
43%
United KIngdon
14%

Score Distribution

Percentile by Number Answered

Percent of People with Each Score

Your Score History

You have not taken this quiz